Logo BPK

Biblioteka

Politechniki Koszalińskiej

Vzaimnaja diffuzija i gomogenizacija v poroskovych matarialach / (Rekord nr 28569)

Szczegóły MARC
000 -ETYKIETA REKORDU
podpole kontrolne o stałej długości 00482nam a2200169 i 4500
001 - NUMER KONTROLNY REKORDU
pole kontrolne bg
040 ## - ŹRÓDŁO KATALOGOWANIA
Instytucja, która utworzyła rekord BPK
041 ## - KOD JĘZYKA
Kod języka tekstu pol
080 ## - UNIWERSALNA KLASYFIKACJA DZIESIĘTNA - UKD
UKD 621.762:669
008 - POLE O STAŁEJ DŁUGOŚCI - DANE KONTROLNE
podpole kontrolne o stałej długości s pl f |000 0 pol
100 1# - NAZWA OSOBOWA
Nazwa osobowa ANCIFEROV, Vladimir N.
245 #0 - TYTUŁ/ODPOWIEDZIALNOŚĆ
Tytuł Vzaimnaja diffuzija i gomogenizacija v poroskovych matarialach /
Pozostałe elementy strefy tytułu i oznaczenia odpowiedzialności V.N. Ansiferov, S.R. Peščerenko, P.G. Kurilov.
260 ## - STREFA ADRESU WYDAWNICZEGO
Miejsce wydania Moskva,
Data publikacji, dystrybucji/powstania dokumentu 1988.
700 1# - HASŁO DODATKOWE - NAZWA OSOBOWA
Nazwa osobowa PESCERENKO, Sergej R.
700 1# - HASŁO DODATKOWE - NAZWA OSOBOWA
Nazwa osobowa KURILOV, Petr G.
856 ## - LOKALIZACJA I DOSTĘP DO ELEKTRONICZNYCH DOKUMENTÓW ZDALNYCH
Link (URL) http://koha.tu.koszalin.pl/cgi-bin/koha/opac-detail.pl?biblionumber=28569
Tekst linku Katalog online BPK
942 ## - DODATKOWE ELEMENTY (KOHA)
Typ dokumentu Książka
Egzemplarze
Wycofany Status egzemplarza Uszkodzony Dostępność Lokalizacja stała Lokalizacja bieżąca Miejsce przechowywania Sygnatura Kod kreskowy Typ dokumentu
      Dostępny Biblioteka Politechniki Koszalińskiej Biblioteka Politechniki Koszalińskiej Wypożyczalnia BG 34406 01597783 Książka
© 2023 Biblioteka Politechniki Koszalińskiej :: KOHA